000 00791nam a2200205Ia 4500
003 OSt
005 20250714123722.0
008 210210b2003 xxu||||| |||| 00| 0 eng d
040 _cAL
041 _aKannada
082 _aK894.8 SAMA
100 _aSAMAGRA DASA SAHITYA.
_9151115
_dಸಮಗ್ರ ದಾಸ ಸಾಹಿತ್ಯ
245 _aSamagra dasa sahitya: samputa; 18, bhaga 3, Ambabayi avara kirtanegalu.
_bಸಮಗ್ರ ದಾಸ ಸಾಹಿತ್ಯ : ಸಂಪುಟ ೧೮: ಭಾಗ ೩, ಅಂಬಾಬಾಯಿಯವರ ಕೀರ್ತನೆಗಳು
260 _aBengaluru
_bKannada mattu Samskrati Nirdeshanalalya
_c2003
300 _a52,449
650 _aDasasahitya
_9151116
690 _aKannada Miscellaneous
_9151117
906 _a059391
942 _2ddc
_cBK
999 _c106385
_d106385